000 00944nam a22002417a 4500
005 20240522014652.0
008 230217b |||||||| |||| 00| 0 eng d
020 _a978-621-427-028-6
082 _aFil. 005.5 In43 2018
100 _aAbante, Marmelo V.
_eauthor
245 _aICT empowerment with MS office application /
_cMarmelo V. Abante, Dan Michael A. Cortez, Mark Raffy M. Noenes, Dean Myra Santos, Jedric Jgabe B. Santos, Marygin E. Sarmiento
260 _aManila:
_bUnlimited Books Library Services & Publishing,
_cc2018.
300 _aviii, 453p.;
_bill.
504 _aIncludes references
541 _e5916 c.1, 5917 c.2
650 _aMicrosoft office
650 _aBusiness - Computer program
700 _aCortez, Dan MIchael A.
_eauthor
700 _aSantos, Dean Myra
_eauthor
700 _aNoenes, Mark Raffy M.
_eauthor
700 _aSantos, Jedric Jgabe B.
_eauthor
700 _aSarmiento, Marygin E.
_eauthor
999 _c1255
_d1255